| 000 | 01310nam a2200241Ia 4500 | ||
|---|---|---|---|
| 003 | Ost | ||
| 005 | 20260507074923.0 | ||
| 008 | 260507s9999||||xx |||||||||||||| ||und|| | ||
| 020 | _a9957181955 | ||
| 040 | _cfsecg | ||
| 041 | _aara | ||
| 082 | _a350 | ||
| 100 |
_aعبد الرضا، صالح رشيد _eمؤلف |
||
| 245 | 0 |
_aالادارة االاستراتيجية : _bمدخل متكامل / _c صالح رشيد عبد الرضا |
|
| 260 |
_aعمان: _bدار المناهج, _c2008 |
||
| 300 |
_a450 صفحة؛ _bإيضاحات ؛ _c25 سم |
||
| 520 | _aتطور الفكر الاستراتيجي، مقدمة في الادارة الاستراتيجية، تحليل البيئة الخارجية، التحليل التنظيمي، الرؤية الاستراتيجية ورسالة المنظمة، أهداف المنظمة، الخيار الاستراتيجي، استراتيجية المنظمة، استراتيجية الأعمال، الاستراتيجية الوظيفية، التنفيذ الاستراتيجي، الرقابة الاستراتيجية، حالات دراسية | ||
| 653 | _aادارة الاعمال | ||
| 653 | _aالادارة | ||
| 653 | _aالاستراتيجية | ||
| 700 |
_aاحسان، جلاب دهش _eمؤلف ثانوي |
||
| 942 | _cكتاب | ||
| 999 |
_c41810 _d41810 |
||